| 000 | 00752nam a2200217 a 4500 | ||
|---|---|---|---|
| 008 | 120416s1972 ||||||||||||||||| || u | ||
| 020 | _a0408000783 | ||
| 020 | _a0408000791 | ||
| 050 | _aTJ 1187 Jon | ||
| 100 | _aJones, Ernest James Henry | ||
| 245 | 1 | 0 | _aProduction engineering: jig and tool design |
| 250 | _a8th ed. | ||
| 260 |
_aLondon: _bNewnes-Butterworths _c1972 |
||
| 300 | _ax, 289p.: ill. | ||
| 350 | _a0.00 | ||
| 650 | _aJIGS AND FIXTURES--DESIGN AND CONSTRUCTION | ||
| 650 | _aMACHINE TOOLS--DESIGN | ||
| 650 | _aPRODUCTION ENGINEERING | ||
| 700 | _aTown, Harold Clifford | ||
| 995 |
_D0.00 _FCBU-MAIN LIBRARY (Kitwe) _H1 _I6.25 _UAVAILABLE _ZMain Library Open Access Collection |
||
| 999 |
_c54893 _d54893 |
||